000
00250nam a22001097a 4500
999
_c
260596
_d
260595
020
_a
059063917-X
100
_a
Barbara Park
245
_a
Junnie B. Jones Is A Party Animals
260
_a
New York
_b
Scholastic
_c
1997
300
_a
71 pgs
942
_c
BK